| 000 | 00729nam a2200229 a 4500 | ||
|---|---|---|---|
| 005 | 20240228063917.0 | ||
| 008 | 080311s1999 mx r 000 0 spa d | ||
| 020 | _a8424130227 | ||
| 035 | _aUPN01000154978 | ||
| 049 | _aI | ||
| 050 | 4 |
_aPZ71 _bI5.5 |
|
| 100 | 1 | _aInkiow, Dimiter | |
| 245 | 1 | 0 |
_aMi hermana Clara y la bicileta / _cDimiter Inkiow ; il. Fritz Goller ; tr. Eladio M. B. de Quirós. |
| 260 |
_aMadrid : _bEverest, _c1999. |
||
| 300 |
_a83, [5] p. : _bil. col. |
||
| 440 | 0 | _aMontaña encantada | |
| 534 |
_pTraducción de: _tMeine Schwester Klara und das Fahrrad |
||
| 650 | 4 |
_aCuentos infantiles _96744 |
|
| 650 | 4 |
_aLibros y lectura para niños _92290 |
|
| 700 | 1 |
_aGoller, Fritz, _eil. |
|
| 905 | _aInfantil | ||
| 999 |
_c127094 _d127094 |
||